2020 Battleground States - Statistics

General Stats
  • This quiz has been taken 40 times
    23 since last reset
  • The average score is 10 of 12
Answer Stats
State % Correct
Pennsylvania
95%
Arizona
91%
Florida
91%
Georgia
91%
Michigan
86%
Nevada
82%
Ohio
82%
Wisconsin
82%
North Carolina
77%
Iowa
68%
Texas
64%
Minnesota
59%
No matching quizzes found
Score Distribution
Percent of People with Each Score
Percentile by Number Answered
Your Score History
You have not taken this quiz since the last reset